Europa League Teams 24/25 - Statistics

General Stats
  • This quiz has been taken 63 times
  • The average score is 21 of 36
Answer Stats
Country Club % Correct
Netherlands Ajax
90%
France Lyon
76%
England Manchester United
76%
Turkey Fenerbahce
75%
Portugal FC Porto
73%
Turkey Galatasaray
73%
Belgium Anderlecht
71%
Italy AS Roma
71%
Netherlands AZ
67%
Spain Athletic Club
65%
Norway Bodo/Glimt
65%
Italy Lazio
65%
Israel Maccabi Tel Aviv
65%
Germany Frankfurt
63%
Sweden Malmo
63%
Turkey Besiktas
61%
Portugal Braga
61%
Greece Olympiacos
61%
Scotland Rangers
61%
Ukraine Dynamo Kyiv
59%
Greece PAOK
59%
England Tottenham Hotspurs
59%
Czech Rep Slavia Praha
57%
Romania FCSB
55%
Spain Real Sociedad
55%
Nethelands FC Twente
51%
Hungary Ferencvaros
51%
France Nice
49%
Germany Hoffenheim
45%
Bulgaria Ludogorets
45%
Azerbaijan Qarabag
43%
Latvia RFS
41%
Denmark Midtjylland
39%
Sweden Elfsborg
37%
Czech Rep Viktoria Plzen
37%
Belgium Union SG
14%
No matching quizzes found
Score Distribution
Percent of People with Each Score
Percentile by Number Answered
Your Score History
You have not taken this quiz